| Record ID | marc_records_scriblio_net/part14.dat:205759765:854 |
| Source | Scriblio |
| Download Link | /show-records/marc_records_scriblio_net/part14.dat:205759765:854?format=raw |
LEADER: 00854cam 2200265 a 4500
001 2003423298
003 DLC
005 20030611114251.0
008 030204s2002 ck b 000 0 spa
010 $a 2003423298
020 $a9588101107
035 $a(BoCbLA)la030100234
040 $aDLC$cDLC$dDLC
043 $as-ck---
050 00 $aHN310.Z9$bV53147 2002
082 00 $a303.6/09861$221
100 1 $aDarío Correa, Hernán.
245 10 $aNosotros, los mismos :$bensayos sobre extravíos y búsquedas del otro en Colombia /$cHernán Darío Correa.
260 $aBogotá, Colombia :$bCEREC,$c2002.
300 $a188 p. ;$c21 cm.
504 $aIncludes bibliographical references.
650 0 $aViolence$zColombia.
650 0 $aSocial conflict$zColombia.
651 0 $aColombia$xSocial conditions$y1970-
651 0 $aColombia$xPolitics and government$y1974-